| 000 | 00956nam a2200217 a 4500 | ||
|---|---|---|---|
| 001 | ASIN0891457690 | ||
| 003 | OSt | ||
| 005 | 20180116192419.0 | ||
| 008 | 131120s1997 xxu eng d | ||
| 020 |
_a0891457690 (paperback) _c$17.95 |
||
| 020 | _a9780891457695 (paperback) | ||
| 040 | _ca | ||
| 082 |
_a709.04012 _bMIL 2005 |
||
| 100 | 1 |
_aMiller, Judith. _97102 |
|
| 245 | 1 | 0 |
_aCollector's guide to art deco : _cJudith Miller. |
| 260 |
_aLondon : _bDolrling Kindersley book, _c2005. |
||
| 300 |
_a224 p. ; _c28 cm. |
||
| 520 | _aBarware, clocks, dresser accessories, lamps, smoking items, statues, tableware and vases are among the Art Deco items covered in this comprehensive guide. In this revised second edition, the author has updated all of the values from the first edition and doubled the number of examples. 600 color photos. | ||
| 856 | 4 | 0 |
_3Amazon.com _uhttp://www.amazon.com/exec/obidos/ASIN/0891457690/chopaconline-20 |
| 942 |
_2ddc _cBK |
||
| 999 |
_c353833 _d353833 |
||